[Event "ROM-ch U14"]
[Site "Baile Felix"]
[Date "2017.02.08"]
[Round "8"]
[White "Pontos, Silviu Andrei"]
[Black "Nyilas, Bendeguz"]
[Result "1/2-1/2"]
[WhiteElo "1251"]
[BlackElo "1001"]
[PlyCount "80"]
[EventDate "2017.02.02"]
[EventType "swiss"]
[EventRounds "9"]
[EventCountry "ROU"]
[SourceTitle "CBM 176 Extra"]
[Source "ChessBase"]
[SourceDate "2017.03.02"]
[SourceVersion "1"]
[SourceVersionDate "2017.03.02"]
[SourceQuality "1"]

1. e4 e5 2. Bc4 Nc6 3. Nf3 Bc5 4. d3 Nf6 5. Be3 Bd4 6. Nxd4 Nxd4 7. Bxd4 exd4 8. 0-0 0-0 9. Nd2 d5 10. Bxd5 Nxd5 11. exd5 Qxd5 12. Qf3 Qb5 13. b3 Qc5 14. Rac1 Bf5 15. Ne4 Bxe4 16. Qxe4 c6 17. h3 Rfe8 18. Qf4 h6 19. Qd2 Re5 20. c4 Rae8 21. a4 b5 22. Rfe1 bxc4 23. bxc4 Qa3 24. Kf1 Rxe1+ 25. Rxe1 Rxe1+ 26. Kxe1 Qe7+ 27. Qe2 Qxe2+ 28. Kxe2 g5 29. g4 Kg7 30. Kf3 Kf6 31. Ke4 Ke6 32. Kxd4 Kd6 33. c5+ Ke6 34. Ke4 a6 35. a5 f6 36. f3 Kf7 37. Kf5 Ke7 38. Ke4 Ke6 39. d4 Ke7 40. Kf5 Kf7 1/2-1/2

[Event "ROM-ch U12"]
[Site "Calimanesti"]
[Date "2015.03.30"]
[Round "1"]
[White "Pontos, Silviu Andrei"]
[Black "Coman, Mihnea George"]
[Result "0-1"]
[WhiteElo "1322"]
[BlackElo "1695"]
[PlyCount "64"]
[EventDate "2015.03.30"]
[EventType "swiss"]
[EventRounds "9"]
[EventCountry "ROU"]
[SourceTitle "CBM 165 Extra"]
[Source "ChessBase"]
[SourceDate "2015.04.21"]
[SourceVersion "1"]
[SourceVersionDate "2015.04.21"]
[SourceQuality "1"]

1. e4 c5 2. Nf3 Nc6 3. Bc4 g6 4. d3 Bg7 5. Be3 Bxb2 6. c3 Bxa1 7. h3 Qa5 8. Qc1 d6 9. Bh6 Nxh6 10. Qxh6 Bxc3+ 11. Nxc3 Qxc3+ 12. Nd2 Qc1+ 13. Ke2 Nd4+ 14. Ke3 Qxh1 15. Qg7 Qe1+ 16. Kf4 Qxd2+ 17. Kg3 Qg5+ 18. Kh2 Qe5+ 19. Qxe5 dxe5 20. Kg3 Be6 21. Bxe6 Nxe6 22. Kh2 Rd8 23. f3 Rxd3 24. Kg3 c4 25. Kf2 c3 26. Ke2 Nf4+ 27. Kf2 c2 28. Kg3 c1Q 29. Kg4 h5+ 30. Kg3 Qe1+ 31. Kh2 Qf2 32. a3 Qxg2# 0-1